Vainqueurs du Grand Prix d'Espagne de Formule 1 - Statistiques

Statistiques générales
  • Ce quiz a été pris 450 fois
  • Le résultat moyen est 42 sur 52
Statistiques - réponses
Année Circuit Vainqueur Ecurie % Correct
2014 Barcelone Lewis Hamilton Mercedes
99%
2017 Barcelone Lewis Hamilton Mercedes
99%
2018 Barcelone Lewis Hamilton Mercedes
99%
2019 Barcelone Lewis Hamilton Mercedes
99%
2020 Barcelone Lewis Hamilton Mercedes
99%
2021 Barcelone Lewis Hamilton Mercedes
99%
2016 Barcelone Max Verstappen Red Bull-TAG Heuer
98%
2022 Barcelone Max Verstappen Red Bull
98%
2011 Barcelone Seabstian Vettel Red Bull-Renault
98%
2006 Barcelone Fernando Alonso Renault
96%
2013 Barcelone Fernando Alonso Ferrari
96%
1995 Barcelone Michael Schumacher Benetton-Renault
96%
1996 Barcelone Michael Schumacher Ferrari
96%
2001 Barcelone Michael Schumacher Ferrari
96%
2002 Barcelone Michael Schumacher Ferrari
96%
2003 Barcelone Michael Schumacher Ferrari
96%
2004 Barcelone Michael Schumacher Ferrari
96%
1988 Jerez Alain Prost McLaren-Honda
95%
1990 Jerez Alain Prost Ferrari
95%
1993 Barcelone Alain Prost Williams-Renault
95%
2015 Barcelone Nico Rosberg Mercedes
95%
1986 Jerez Ayrton Senna Lotus-Renault
94%
1989 Jerez Ayrton Senna McLaren-Honda
94%
2009 Barcelone Jenson Button Brawn-Mercedes
88%
2005 Barcelone Kimi Räikkönen McLaren-Mercedes
88%
2008 Barcelone Kimi Räikkönen Ferrari
88%
2010 Barcelone Mark Webber Red Bull-Renault
84%
1998 Barcelone Mika Häkkinen McLaren-Mercedes
84%
1999 Barcelone Mika Häkkinen McLaren-Mercedes
84%
2000 Barcelone Mika Häkkinen McLaren-Mercedes
84%
2007 Barcelone Felipe Massa Ferrari
80%
1981 Jarama Gilles Villeneuve Ferrari
80%
1975 Montjuïc Jochen Mass McLaren-Ford
80%
1951 Pedralbes Juan Manuel Fangio Maserati
80%
1997 Barcelone Jacques Villleneuve Williams-Renault
78%
1994 Barcelone Damon Hill Williams-Renault
77%
1968 Jarama Graham Hill Lotus-Ford
77%
1974 Jarama Niki Lauda Ferrari
74%
1987 Jerez Nigel Mansell Williams-Honda
69%
1991 Barcelone Nigel Mansell Ferrari
69%
1992 Barcelone Nigel Mansell Williams-Renault
69%
2012 Barcelone Pastor Maldonado Williams-Renault
62%
1969 Montjuïc Jackie Stewart Matra-Ford
60%
1970 Jarama Jackie Stewart March-Ford
60%
1971 Montjuïc Jackie Stewart Tyrrell-Ford
60%
1976 Jarama James Hunt McLaren-Ford
60%
1972 Jarama Emerson Fittipaldi Lotus-Ford
52%
1973 Montjuïc Emerson Fittipaldi Lotus-Ford
52%
1977 Jarama Mario Andretti Lotus-Ford
44%
1978 Jarama Mario Andretti Lotus-Ford
44%
1954 Pedralbes Mike Hawthorn Ferrari
21%
1979 Jarama Patrick Depailler Ligier-Ford
18%
Aucun quiz correspondant
Distribution des résultats
% des personnes avec chaque résultat
Percentile par nombre de réponses
Votre historique - résultats
Vous n’avez pas pris ce quiz